<?xml version="1.0" encoding="UTF-8"?>
<record
    xmlns:xsi="http://www.w3.org/2001/XMLSchema-instance"
    xsi:schemaLocation="http://www.loc.gov/MARC21/slim http://www.loc.gov/standards/marcxml/schema/MARC21slim.xsd"
    xmlns="http://www.loc.gov/MARC21/slim">

  <leader>00426    a2200133   4500</leader>
  <controlfield tag="005">20250516072945.0</controlfield>
  <datafield tag="020" ind1=" " ind2=" ">
    <subfield code="a">978-0-07-148668-2</subfield>
  </datafield>
  <datafield tag="082" ind1=" " ind2=" ">
    <subfield code="a">LECT 415 BOO</subfield>
  </datafield>
  <datafield tag="100" ind1=" " ind2=" ">
    <subfield code="a">BOOHER, D.</subfield>
  </datafield>
  <datafield tag="245" ind1=" " ind2=" ">
    <subfield code="a">Booher's Rules of Business Grammar: 101 Fast and Easy Ways to Correct the Most Common Errors </subfield>
  </datafield>
  <datafield tag="260" ind1=" " ind2=" ">
    <subfield code="a">New York,</subfield>
    <subfield code="b">Mcgraw-Hill,</subfield>
    <subfield code="c">2009.</subfield>
  </datafield>
  <datafield tag="300" ind1=" " ind2=" ">
    <subfield code="a">xxii, 294p.: ill.; table.</subfield>
    <subfield code="b">Bibliography &amp; Index.</subfield>
    <subfield code="c">20cm.</subfield>
  </datafield>
  <datafield tag="942" ind1=" " ind2=" ">
    <subfield code="2">ddc</subfield>
    <subfield code="c">BKS</subfield>
  </datafield>
  <datafield tag="999" ind1=" " ind2=" ">
    <subfield code="c">2257</subfield>
    <subfield code="d">2257</subfield>
  </datafield>
  <datafield tag="952" ind1=" " ind2=" ">
    <subfield code="r">2025-05-14 13:34:38</subfield>
    <subfield code="l">0</subfield>
    <subfield code="o">LECT 415 BOO</subfield>
    <subfield code="p">0000008684</subfield>
    <subfield code="v">81360.00</subfield>
    <subfield code="w">2025-05-14</subfield>
    <subfield code="y">BKS</subfield>
    <subfield code="1">0</subfield>
    <subfield code="2">ddc</subfield>
    <subfield code="4">0</subfield>
    <subfield code="7">0</subfield>
    <subfield code="0">0</subfield>
    <subfield code="a">CBEML</subfield>
    <subfield code="b">CBEML</subfield>
    <subfield code="c">GEN</subfield>
    <subfield code="d">2012-07-16</subfield>
    <subfield code="g">27120.00</subfield>
  </datafield>
  <datafield tag="952" ind1=" " ind2=" ">
    <subfield code="r">2025-05-14 13:34:38</subfield>
    <subfield code="l">0</subfield>
    <subfield code="o">LECT 415 BOO</subfield>
    <subfield code="p">0000008685</subfield>
    <subfield code="v">81360.00</subfield>
    <subfield code="w">2025-05-14</subfield>
    <subfield code="y">BKS</subfield>
    <subfield code="1">0</subfield>
    <subfield code="2">ddc</subfield>
    <subfield code="4">0</subfield>
    <subfield code="7">0</subfield>
    <subfield code="0">0</subfield>
    <subfield code="a">CBEML</subfield>
    <subfield code="b">CBEML</subfield>
    <subfield code="c">GEN</subfield>
    <subfield code="d">2012-07-16</subfield>
    <subfield code="g">27120.00</subfield>
  </datafield>
  <datafield tag="952" ind1=" " ind2=" ">
    <subfield code="r">2025-05-14 13:34:38</subfield>
    <subfield code="l">0</subfield>
    <subfield code="o">LECT 415 BOO</subfield>
    <subfield code="p">0000008686</subfield>
    <subfield code="v">81360.00</subfield>
    <subfield code="w">2025-05-14</subfield>
    <subfield code="y">BKS</subfield>
    <subfield code="1">0</subfield>
    <subfield code="2">ddc</subfield>
    <subfield code="4">0</subfield>
    <subfield code="7">0</subfield>
    <subfield code="0">0</subfield>
    <subfield code="a">CBEML</subfield>
    <subfield code="b">CBEML</subfield>
    <subfield code="c">GEN</subfield>
    <subfield code="d">2012-07-16</subfield>
    <subfield code="g">27120.00</subfield>
  </datafield>
  <datafield tag="952" ind1=" " ind2=" ">
    <subfield code="r">2025-05-14 13:34:38</subfield>
    <subfield code="l">0</subfield>
    <subfield code="o">LECT 415 BOO</subfield>
    <subfield code="p">0000008687</subfield>
    <subfield code="v">81360.00</subfield>
    <subfield code="w">2025-05-14</subfield>
    <subfield code="y">BKS</subfield>
    <subfield code="1">0</subfield>
    <subfield code="2">ddc</subfield>
    <subfield code="4">0</subfield>
    <subfield code="7">0</subfield>
    <subfield code="0">0</subfield>
    <subfield code="a">CBEML</subfield>
    <subfield code="b">CBEML</subfield>
    <subfield code="c">GEN</subfield>
    <subfield code="d">2012-07-16</subfield>
    <subfield code="g">27120.00</subfield>
  </datafield>
  <datafield tag="952" ind1=" " ind2=" ">
    <subfield code="r">2025-05-14 13:34:38</subfield>
    <subfield code="l">0</subfield>
    <subfield code="o">LECT 415 BOO</subfield>
    <subfield code="p">0000008688</subfield>
    <subfield code="v">81360.00</subfield>
    <subfield code="w">2025-05-14</subfield>
    <subfield code="y">BKS</subfield>
    <subfield code="1">0</subfield>
    <subfield code="2">ddc</subfield>
    <subfield code="4">0</subfield>
    <subfield code="7">0</subfield>
    <subfield code="0">0</subfield>
    <subfield code="a">CBEML</subfield>
    <subfield code="b">CBEML</subfield>
    <subfield code="c">GEN</subfield>
    <subfield code="d">2012-07-16</subfield>
    <subfield code="g">27120.00</subfield>
  </datafield>
</record>
